[Event "Paris-ch"]
[Site "Paris FRA"]
[Date "1989.??.??"]
[Round "8"]
[White "Spraggett, Kevin"]
[Black "Boudre, Jean Pierre"]
[Result "1-0"]
[WhiteElo "2575"]
[BlackElo "2380"]
[PlyCount "79"]
[EventDate "1989.??.??"]
[EventType "swiss"]
[EventRounds "9"]
[EventCountry "FRA"]

1. c4 e6 2. Nc3 Bb4 3. Qb3 c5 4. a3 Ba5 5. g3 Nc6 6. Bg2 Nf6 7. Nf3 O-O 8. O-O
d6 9. d3 h6 10. Qc2 Bd7 11. e3 Rc8 12. b3 Qe7 13. Bb2 Rfd8 14. Ne4 Ne8 15. h3
a6 16. Rad1 b5 17. g4 Bb6 18. Ng3 Nf6 19. g5 hxg5 20. Nxg5 d5 21. f4 Be8 22.
Kh2 Bc7 23. Rde1 Bb8 24. Kh1 b4 25. a4 Na5 26. e4 dxe4 27. dxe4 Nh7 28. Nxh7
Kxh7 29. e5+ Kg8 30. Ne4 Nc6 31. Ng5 g6 32. Qf2 Qf8 33. Qh4 Qg7 34. Ne4 Nd4 35.
Rd1 Bc7 36. Bxd4 Rxd4 37. Rxd4 cxd4 38. Rd1 Bb6 39. Qe7 Qf8 40. Qb7 1-0

[Event "Lugano op"]
[Site "Lugano SUI"]
[Date "1988.??.??"]
[Round "?"]
[White "Hennigan, Michael"]
[Black "Spraggett, Kevin"]
[Result "1-0"]
[WhiteElo "2300"]
[BlackElo "2580"]
[PlyCount "53"]
[EventDate "1988.03.??"]
[EventType "swiss"]
[EventRounds "9"]
[EventCountry "SUI"]

1. e4 d5 2. exd5 Nf6 3. c4 c6 4. d4 cxd5 5. Nc3 g6 6. Qb3 Bg7 7. cxd5 O-O 8. g3
e6 9. dxe6 Nc6 10. exf7+ Kh8 11. Nge2 Qe7 12. Qd1 Nxd4 13. Qxd4 Ng4 14. Qe4
Qxf7 15. f4 Bd7 16. Qb4 a5 17. Qb6 Bc6 18. Rg1 Rfe8 19. Bd2 Nxh2 20. O-O-O Nf3
21. Bg2 Qc4 22. Qb3 Qc5 23. Rh1 Nxd2 24. Rxh7+ Kxh7 25. Rh1+ Qh5 26. Rxh5+ gxh5
27. Qc2+ 1-0

[Event "Lugano op"]
[Site "Lugano SUI"]
[Date "1988.??.??"]
[Round "?"]
[White "Spraggett, Kevin"]
[Black "Campora, Daniel"]
[Result "1-0"]
[WhiteElo "2580"]
[BlackElo "2540"]
[PlyCount "77"]
[EventDate "1988.03.??"]
[EventType "swiss"]
[EventRounds "9"]
[EventCountry "SUI"]

1. c4 Nf6 2. Nc3 e5 3. Nf3 Nc6 4. d3 Bb4 5. Bd2 O-O 6. e3 Re8 7. Be2 Bf8 8. O-O
d5 9. cxd5 Nxd5 10. a3 a5 11. Qc2 Nb6 12. b3 h6 13. Bc1 g6 14. Bb2 Bg7 15. Rac1
Qe7 16. Ne4 Kh7 17. Rfe1 Nd7 18. Qb1 f5 19. Nc3 Nf8 20. Nb5 Ne6 21. d4 e4 22.
Nd2 Rd8 23. f3 exf3 24. Nxf3 Na7 25. Nxa7 Rxa7 26. Bd3 Qf7 27. Rf1 Nf8 28. e4
c6 29. Rc5 Qxb3 30. exf5 Bxf5 31. Bxf5 gxf5 32. Rxf5 Kg8 33. Ne5 Raa8 34. R5f3
Qd5 35. Rg3 Ne6 36. Nf7 Rf8 37. Nxh6+ Kh8 38. Nf7+ Kg8 39. Qg6 1-0

[Event "New York op"]
[Site "New York USA"]
[Date "1987.??.??"]
[Round "?"]
[White "Cvitan, Ognjen"]
[Black "Spraggett, Kevin"]
[Result "0-1"]
[WhiteElo "2500"]
[BlackElo "2550"]
[PlyCount "148"]
[EventDate "1987.??.??"]
[EventType "swiss"]

1. d4 e6 2. Nf3 f5 3. g3 Nf6 4. Bg2 d5 5. O-O Bd6 6. c4 c6 7. b3 Qe7 8. a4 O-O
9. Ba3 Bxa3 10. Nxa3 Bd7 11. Nc2 Be8 12. Nce1 Nbd7 13. Nd3 Ne4 14. Qc2 Nd6 15.
Nfe5 Nxe5 16. Nxe5 Nf7 17. Nd3 Rd8 18. e3 Nd6 19. c5 Ne4 20. f3 Nf6 21. b4 a6
22. Rfb1 g5 23. Ne5 Nd7 24. Nxd7 Bxd7 25. f4 Rf7 26. Bf1 Rg7 27. b5 axb5 28.
axb5 gxf4 29. exf4 h5 30. Ra7 Be8 31. b6 h4 32. Kf2 Qf6 33. Qc3 Bh5 34. Qe3 Kh7
35. Qe5 Qh6 36. Bg2 Rdg8 37. Re1 Qg6 38. Re3 Qg4 39. Bf1 Rf8 40. Raa3 Qd1 41.
Red3 Qc2+ 42. Kg1 Rg6 43. Qe1 hxg3 44. hxg3 Rfg8 45. Qc3 Qxc3 46. Rdxc3 Rb8 47.
Rc2 Rgg8 48. Rh2 Kg6 49. Ra7 Bf3 50. Kf2 Be4 51. Be2 Rgd8 52. Rh5 Rd7 53. Rg5+
Kf6 54. Bh5 Rh7 55. Ke3 Rh6 56. Kf2 Bd3 57. Bf3 Rh2+ 58. Ke3 Ba6 59. Rh5 Ra2
60. Rh6+ Kg7 61. Rxe6 Rh8 62. Rxa6 Rxa6 63. Be2 Ra3+ 64. Kf2 Kf7 65. Re3 Rh2+
66. Kf3 Ra2 67. Re5 Kg7 68. Bd3 Ra3 69. Re3 Kf6 70. Be2 Ra2 71. Re8 Rd2 72. Ba6
bxa6 73. Rf8+ Kg6 74. b7 Rd3# 0-1

[Event "New York op"]
[Site "New York USA"]
[Date "1987.??.??"]
[Round "?"]
[White "Spassky, Boris"]
[Black "Spraggett, Kevin"]
[Result "1/2-1/2"]
[WhiteElo "2605"]
[BlackElo "2550"]
[PlyCount "23"]
[EventDate "1987.??.??"]
[EventType "swiss"]

1. d4 Nf6 2. Nf3 d5 3. c4 e6 4. Nc3 c6 5. Bg5 dxc4 6. e4 b5 7. e5 h6 8. Bh4 g5
9. Nxg5 hxg5 10. Bxg5 Nbd7 11. exf6 Bb7 12. Be2 1/2-1/2

[Event "New York op"]
[Site "New York USA"]
[Date "1987.??.??"]
[Round "?"]
[White "Spraggett, Kevin"]
[Black "Barlov, Dragan"]
[Result "0-1"]
[WhiteElo "2550"]
[BlackElo "2495"]
[PlyCount "82"]
[EventDate "1987.??.??"]
[EventType "swiss"]

1. d4 Nf6 2. c4 e6 3. Nf3 c5 4. d5 exd5 5. cxd5 d6 6. Nc3 a6 7. a4 g6 8. Nd2
Nbd7 9. e4 Bg7 10. Be2 O-O 11. O-O Re8 12. Ra3 Ne5 13. Qc2 g5 14. Nd1 Ng6 15.
Ne3 Nf4 16. Bd1 b6 17. f3 Rb8 18. g3 Ng6 19. Ndc4 h6 20. Bd2 Ne5 21. Nxe5 Rxe5
22. b4 Bh3 23. Rf2 cxb4 24. Bxb4 Rc8 25. Rc3 Re8 26. g4 Rxc3 27. Bxc3 h5 28.
Nf5 Bf8 29. Qd2 Nd7 30. Ng3 h4 31. Nh5 Bh6 32. Be2 Qc8 33. Bd4 Kf8 34. Qb2 Ne5
35. Qxb6 Qc1+ 36. Rf1 Bxf1 37. Qxd6+ Kg8 38. Nf6+ Kh8 39. Bxf1 Nxf3+ 40. Kg2
Nxd4 41. Nxe8 h3+ 0-1

[Event "New York op"]
[Site "New York USA"]
[Date "1987.??.??"]
[Round "?"]
[White "Zuckerman, Bernard"]
[Black "Spraggett, Kevin"]
[Result "0-1"]
[WhiteElo "2480"]
[BlackElo "2550"]
[PlyCount "90"]
[EventDate "1987.??.??"]
[EventType "swiss"]

1. e4 c5 2. Nf3 e6 3. d3 Nc6 4. g3 d5 5. Nbd2 Bd6 6. Bg2 Nge7 7. O-O O-O 8. Nh4
Bd7 9. f4 f5 10. c3 b5 11. Ndf3 Qa5 12. Bd2 Rad8 13. Qe2 Qa4 14. Ng5 Rde8 15.
Rfe1 h6 16. Ngf3 Bc7 17. Kh1 b4 18. b3 Qa3 19. c4 dxe4 20. dxe4 e5 21. Nxe5
Nxe5 22. fxe5 Bxe5 23. Bc1 Qa6 24. Bb2 Bxb2 25. Qxb2 f4 26. Qd2 Rd8 27. gxf4
Qf6 28. Nf3 Bg4 29. Qe3 Qxf4 30. Qxf4 Rxf4 31. Ne5 Bh5 32. Rf1 Rxf1+ 33. Bxf1
Rd2 34. Nd3 Ng6 35. Nxc5 Nh4 36. Bh3 g5 37. Bf1 Bf3+ 38. Kg1 Bxe4 39. Bh3 Nf3+
40. Kf1 Nxh2+ 41. Ke1 Nf3+ 42. Kf1 Bc6 43. a3 h5 44. Be6+ Kh8 45. axb4 g4 0-1

[Event "San Francisco"]
[Site "San Francisco USA"]
[Date "1987.??.??"]
[Round "?"]
[White "Adianto, Utut"]
[Black "Spraggett, Kevin"]
[Result "0-1"]
[WhiteElo "2510"]
[BlackElo "2570"]
[PlyCount "95"]
[EventDate "1987.??.??"]
[EventType "tourn"]
[EventRounds "11"]
[EventCountry "USA"]
[EventCategory "10"]

1. d4 Nf6 2. Nf3 g6 3. g3 Bg7 4. Bg2 O-O 5. O-O d6 6. c4 Nbd7 7. Nc3 e5 8. h3
Re8 9. e4 exd4 10. Nxd4 Nc5 11. Re1 a5 12. b3 c6 13. Rb1 h6 14. Kh2 a4 15. b4
Ne6 16. Nf3 Nh7 17. Nxa4 b5 18. cxb5 cxb5 19. Nb2 Rxa2 20. Qb3 Ra6 21. Nd1 Nhg5
22. Nxg5 Nxg5 23. Bb2 Be6 24. Qe3 Bxb2 25. Rxb2 d5 26. e5 d4 27. Qf4 Bd5 28. h4
Bxg2 29. Kxg2 Qd5+ 30. f3 Ne6 31. Qxh6 Ra3 32. Rf2 Rc8 33. h5 Rc2 34. Re4 Rxf2+
35. Nxf2 g5 36. Ng4 Qa2+ 37. Kh3 Rxf3 38. Nf6+ Rxf6 39. Qxf6 Qd5 40. Qf5 d3 41.
h6 d2 42. h7+ Kh8 43. Qxf7 Nf4+ 44. Rxf4 Qxf7 45. Rxf7 d1=Q 46. Re7 Qd8 47. Ra7
Qc8+ 48. Kg2 0-1

[Event "San Francisco"]
[Site "San Francisco USA"]
[Date "1987.??.??"]
[Round "?"]
[White "Rey, Guillermo"]
[Black "Spraggett, Kevin"]
[Result "0-1"]
[WhiteElo "2350"]
[BlackElo "2570"]
[PlyCount "60"]
[EventDate "1987.??.??"]
[EventType "tourn"]
[EventRounds "11"]
[EventCountry "USA"]
[EventCategory "10"]

1. d4 Nf6 2. c4 g6 3. Nc3 Bg7 4. e4 d6 5. Be2 O-O 6. Bg5 Nbd7 7. Qd2 c6 8. f3
a6 9. h4 h5 10. Nh3 b5 11. Nf2 Rb8 12. cxb5 axb5 13. g4 Re8 14. Rg1 hxg4 15.
fxg4 e5 16. dxe5 Nxe5 17. Qf4 Re6 18. Rd1 b4 19. Na4 Qa5 20. b3 Ba6 21. Qe3
Bxe2 22. Qxe2 Rbe8 23. Kf1 Ned7 24. Qf3 d5 25. exd5 Nxd5 26. Kg2 Bf6 27. Bc1
Bxh4 28. Rh1 Ne5 29. Qh3 g5 30. Bxg5 Ng6 0-1

[Event "San Francisco"]
[Site "San Francisco USA"]
[Date "1987.??.??"]
[Round "?"]
[White "Spraggett, Kevin"]
[Black "Verduga, Denis Homero"]
[Result "1/2-1/2"]
[WhiteElo "2570"]
[BlackElo "2435"]
[PlyCount "86"]
[EventDate "1987.??.??"]
[EventType "tourn"]
[EventRounds "11"]
[EventCountry "USA"]
[EventCategory "10"]

1. c4 g6 2. Nf3 Bg7 3. d4 c5 4. e4 Qa5+ 5. Bd2 Qb6 6. Bc3 cxd4 7. Bxd4 Bxd4 8.
Qxd4 Qxd4 9. Nxd4 Nc6 10. Nb5 Rb8 11. N1c3 d6 12. O-O-O f5 13. exf5 gxf5 14.
Nd5 Kf7 15. Be2 Nf6 16. Nxf6 Kxf6 17. f4 Rg8 18. Bf3 Be6 19. b3 Rgc8 20. Kb2 a6
21. Nc3 b5 22. Nd5+ Kf7 23. Rhe1 Nd8 24. Rxe6 Nxe6 25. Re1 Nc5 26. Rxe7+ Kg6
27. g4 fxg4 28. Bxg4 Rf8 29. Kc3 bxc4 30. Kxc4 Rb7 31. Re3 h5 32. Bd1 Rbf7 33.
b4 Rxf4+ 34. Nxf4+ Rxf4+ 35. Kc3 Ne4+ 36. Rxe4 Rxe4 37. Bc2 Kf5 38. a4 Ke5 39.
Bxe4 Kxe4 40. h4 d5 41. Kc2 Kd4 42. Kb3 Ke3 43. Kc2 Kd4 1/2-1/2

[Event "Toronto Winter Fest"]
[Site "Toronto CAN"]
[Date "1987.??.??"]
[Round "?"]
[White "Behrhorst, Frank"]
[Black "Spraggett, Kevin"]
[Result "0-1"]
[WhiteElo "2335"]
[BlackElo "2550"]
[PlyCount "125"]
[EventDate "1987.??.??"]
[EventType "tourn"]
[EventRounds "11"]
[EventCountry "CAN"]

1. d4 Nf6 2. c4 d6 3. Nc3 Nbd7 4. e4 e5 5. Nf3 g6 6. d5 Bg7 7. Bd3 O-O 8. O-O
Nc5 9. Bc2 a5 10. a3 c6 11. Be3 cxd5 12. cxd5 Ng4 13. Bg5 f6 14. Bd2 f5 15. b4
Nxe4 16. Bxe4 fxe4 17. Nxe4 h6 18. bxa5 Nf6 19. Qa4 Nxe4 20. Qxe4 g5 21. g4 b6
22. Kg2 Ra7 23. Ne1 bxa5 24. Be3 Raf7 25. f3 Bb7 26. Rd1 Qa8 27. Rf2 Rc8 28.
Rc2 Rcf8 29. Kg3 Qa6 30. Qc4 e4 31. Qxa6 Bxa6 32. Rf2 Re8 33. fxe4 Rxe4 34.
Rxf7 Kxf7 35. Kf3 Rxg4 36. Rb1 Rh4 37. Rb6 Rh3+ 38. Ke4 Be2 39. Rxd6 Rh4+ 40.
Kf5 Bg4+ 41. Ke4 Bc8+ 42. Kf3 Bf5 43. Bd2 Rxh2 44. Bxa5 Be5 45. Rc6 g4+ 46. Ke3
Rh3+ 47. Ke2 Rxa3 48. Bc7 Bf6 49. Bf4 Ra2+ 50. Ke3 Bh4 51. Be5 Bg5+ 52. Kd4
Rd2+ 53. Kc4 Re2 54. Rc7+ Kf8 55. Bg3 Re4+ 56. Kb5 Re2 57. Kc4 h5 58. Ra7 h4
59. Bd6+ Kg8 60. Ra1 h3 61. Nd3 Rc2+ 62. Kd4 Rd2 63. Ra3 0-1

[Event "Toronto Winter Fest"]
[Site "Toronto CAN"]
[Date "1987.??.??"]
[Round "?"]
[White "Costigan, Richard"]
[Black "Spraggett, Kevin"]
[Result "0-1"]
[WhiteElo "2375"]
[BlackElo "2550"]
[PlyCount "120"]
[EventDate "1987.??.??"]
[EventType "tourn"]
[EventRounds "11"]
[EventCountry "CAN"]

1. d4 Nf6 2. Nf3 d6 3. Bg5 Nbd7 4. h3 e5 5. Nc3 Be7 6. dxe5 dxe5 7. Bxf6 Bxf6
8. e4 c6 9. Bc4 O-O 10. Qd2 Qc7 11. O-O b5 12. Bb3 Nc5 13. Qe3 Be7 14. a4 b4
15. Ne2 Ba6 16. Rfe1 Rad8 17. Ng3 g6 18. Qh6 Kh8 19. Ng5 Bxg5 20. Qxg5 f6 21.
Qe3 Qb6 22. Rad1 Kg7 23. Kh2 Nxb3 24. Qxb3 c5 25. a5 Qc7 26. c3 bxc3 27. bxc3
c4 28. Qa3 Rd3 29. Rf1 Rfd8 30. Rde1 Qd6 31. Qa1 Rd2 32. Re3 Rb8 33. Re2 Rd3
34. f3 Rb3 35. Rc1 Bc8 36. Nh1 Qa3 37. Ra2 Qc5 38. Nf2 Rd6 39. Rd1 Be6 40. Rxd6
Qxd6 41. Qc1 h5 42. Ra1 Rb5 43. Nd1 Qc7 44. g4 Rxa5 45. gxh5 gxh5 46. Ne3 Rxa1
47. Qxa1 Qd7 48. Qe1 a5 49. Qg3+ Kf7 50. Ng2 Qd2 51. Qh4 Kg6 52. Qg3+ Kf7 53.
Qh4 Qxc3 54. Qxh5+ Ke7 55. Qh7+ Kd6 56. Nh4 Qd2+ 57. Kh1 c3 58. Ng6 c2 59. Qe7+
Kc6 60. Qxe6+ Kc5 0-1

[Event "Toronto Winter Fest"]
[Site "Toronto CAN"]
[Date "1987.??.??"]
[Round "?"]
[White "Spraggett, Kevin"]
[Black "Pelts, Roman"]
[Result "1-0"]
[WhiteElo "2550"]
[BlackElo "2430"]
[PlyCount "71"]
[EventDate "1987.??.??"]
[EventType "tourn"]
[EventRounds "11"]
[EventCountry "CAN"]

1. c4 e5 2. g3 Nc6 3. Bg2 g6 4. Nc3 Bg7 5. e4 d6 6. Nge2 Be6 7. d3 Qd7 8. Nd5
Nd8 9. h4 h5 10. d4 f6 11. b3 Nh6 12. Bb2 c5 13. dxc5 dxc5 14. Ba3 b6 15. b4
Nb7 16. Qb3 O-O 17. Rd1 Qf7 18. bxc5 Nxc5 19. Bxc5 bxc5 20. Qa3 Rfc8 21. Qa6
Rab8 22. Nec3 Bf8 23. O-O Kg7 24. f4 exf4 25. gxf4 Rd8 26. e5 Ng4 27. Ne4 Bxd5
28. cxd5 Ne3 29. exf6+ Kh8 30. Ng5 Qb7 31. Qd3 Nf5 32. Rb1 Qd7 33. Bh3 c4 34.
Bxf5 Bc5+ 35. Kg2 gxf5 36. Qf3 1-0

[Event "Toronto Winter Fest"]
[Site "Toronto CAN"]
[Date "1987.??.??"]
[Round "?"]
[White "Spraggett, Kevin"]
[Black "Wilder, Michael"]
[Result "1/2-1/2"]
[WhiteElo "2550"]
[BlackElo "2485"]
[PlyCount "72"]
[EventDate "1987.??.??"]
[EventType "tourn"]
[EventRounds "11"]
[EventCountry "CAN"]

1. c4 e5 2. Nc3 Nf6 3. Nf3 Nc6 4. d3 d5 5. cxd5 Nxd5 6. e3 Be7 7. Be2 O-O 8.
O-O Be6 9. a3 a5 10. Qc2 f5 11. Bd2 Nb6 12. b3 Bf6 13. Rab1 Qe7 14. Na4 Nd7 15.
b4 axb4 16. axb4 e4 17. Ne1 Qf7 18. Nc3 Kh8 19. f3 exd3 20. Nxd3 Bc4 21. Nf4
Bxe2 22. Nfxe2 Qc4 23. b5 Nb4 24. Qb3 Qxb3 25. Rxb3 Nd3 26. Rd1 Rfd8 27. Ng3
N7c5 28. Rbb1 Ra3 29. Nce2 g6 30. Nf1 Ra2 31. Nc1 Ra3 32. Nxd3 Raxd3 33. Kf2
Kg8 34. Ke2 Nb3 35. Bb4 Rxd1 36. Rxd1 Re8 1/2-1/2

[Event "Quebec Int."]
[Site "Montreal CAN"]
[Date "1986.??.??"]
[Round "?"]
[White "Spraggett, Kevin"]
[Black "Georgiev, Kiril"]
[Result "1-0"]
[WhiteElo "2525"]
[BlackElo "2535"]
[PlyCount "101"]
[EventDate "1986.07.31"]
[EventType "tourn"]
[EventRounds "9"]
[EventCountry "CAN"]

1. d4 Nf6 2. c4 e6 3. Nc3 Bb4 4. Nf3 c5 5. g3 Nc6 6. Bg2 Ne4 7. Bd2 Nxd2 8.
Qxd2 cxd4 9. Nxd4 Ne5 10. Nc2 Be7 11. Ne3 a6 12. Ne4 O-O 13. Nd6 Qc7 14. Rd1
Rb8 15. b4 b5 16. c5 a5 17. a3 Ba6 18. O-O Rfd8 19. Qa2 Bf6 20. Ne4 Be7 21. Nd6
Bf6 22. Rb1 g6 23. Rfd1 Bg7 24. Kh1 h5 25. h3 Rf8 26. Rbc1 Kh7 27. Qb1 Bh6 28.
f4 Nc6 29. h4 f5 30. Rd3 Bg7 31. Rcd1 Rbd8 32. Nf1 Ne7 33. Nh2 Nc8 34. Nf3 Bf6
35. e4 Nxd6 36. Rxd6 Bb7 37. Ng5+ Kg7 38. Rxd7+ Rxd7 39. Nxe6+ Kg8 40. Nxc7
Rxc7 41. exf5 Bc8 42. Qd3 axb4 43. axb4 Bxf5 44. Qxb5 Re7 45. Qc4+ Kg7 46. b5
Re3 47. b6 Be6 48. Qb5 Bg4 49. b7 Bxd1 50. Qd7+ Be7 51. Qd4+ 1-0

[Event "Quebec Int."]
[Site "Montreal CAN"]
[Date "1986.??.??"]
[Round "?"]
[White "Spraggett, Kevin"]
[Black "Pelts, Roman"]
[Result "1-0"]
[WhiteElo "2525"]
[BlackElo "2425"]
[PlyCount "69"]
[EventDate "1986.07.31"]
[EventType "tourn"]
[EventRounds "9"]
[EventCountry "CAN"]

1. e4 c5 2. Nf3 e6 3. d4 cxd4 4. Nxd4 Nc6 5. Nc3 a6 6. Be2 Qc7 7. f4 d6 8. Be3
Nf6 9. Qd2 Be7 10. O-O-O O-O 11. g4 Re8 12. g5 Nd7 13. h4 b5 14. Bf3 Rb8 15.
Kb1 Nb6 16. b3 Bd7 17. Nce2 Bf8 18. h5 Nxd4 19. Bxd4 Bc6 20. Bb2 Qb7 21. Nd4
Bxe4 22. Bxe4 Qxe4 23. Rhe1 Qb7 24. g6 Nd7 25. gxh7+ Kxh7 26. Qd3+ Kg8 27. h6
Nc5 28. Qh3 f5 29. hxg7 Bxg7 30. Rg1 Re7 31. Nc6 Rbe8 32. Nxe7+ Rxe7 33. Qh6
Ne4 34. Rd3 Qa7 35. Bd4 1-0

[Event "Quebec Int."]
[Site "Montreal CAN"]
[Date "1986.??.??"]
[Round "2"]
[White "Hebert, Jean"]
[Black "Spraggett, Kevin"]
[Result "1/2-1/2"]
[WhiteElo "2400"]
[BlackElo "2525"]
[PlyCount "62"]
[EventDate "1986.07.31"]
[EventType "tourn"]
[EventRounds "9"]
[EventCountry "CAN"]

1. d4 d5 2. c4 dxc4 3. Nf3 Nf6 4. Nc3 c5 5. e4 cxd4 6. Nxd4 e5 7. Ndb5 a6 8.
Qxd8+ Kxd8 9. Na3 b5 10. Nc2 Bb7 11. Bg5 Nbd7 12. a4 b4 13. Nd5 Bxd5 14. exd5
b3 15. Ne3 Bb4+ 16. Kd1 c3 17. bxc3 Bxc3 18. Rb1 Nc5 19. Bc4 Kd7 20. Bxf6 gxf6
21. Bxb3 Rab8 22. Bc2 Rxb1+ 23. Bxb1 Bd4 24. Nc4 e4 25. f3 Rb8 26. Bc2 Rb4 27.
Na5 Bc3 28. Nc6 Rb2 29. fxe4 Ra2 30. Rf1 Ra1+ 31. Ke2 Ra2 1/2-1/2

[Event "Quebec Int."]
[Site "Montreal CAN"]
[Date "1986.??.??"]
[Round "3"]
[White "Spraggett, Kevin"]
[Black "Sax, Gyula"]
[Result "1/2-1/2"]
[WhiteElo "2525"]
[BlackElo "2585"]
[PlyCount "24"]
[EventDate "1986.07.31"]
[EventType "tourn"]
[EventRounds "9"]
[EventCountry "CAN"]

1. c4 Nf6 2. Nc3 e5 3. Nf3 Nc6 4. g3 Bb4 5. Nd5 Nxd5 6. cxd5 Nd4 7. Nxd4 exd4
8. Qc2 Qe7 9. Bg2 c5 10. O-O O-O 11. e3 d6 12. b3 Bg4 1/2-1/2

[Event "Quebec Int."]
[Site "Montreal CAN"]
[Date "1986.??.??"]
[Round "7"]
[White "Spraggett, Kevin"]
[Black "Schroer, Jonathan"]
[Result "1-0"]
[WhiteElo "2525"]
[BlackElo "2455"]
[PlyCount "81"]
[EventDate "1986.07.31"]
[EventType "tourn"]
[EventRounds "9"]
[EventCountry "CAN"]

1. c4 e5 2. g3 c6 3. d4 exd4 4. Qxd4 d5 5. Bg2 dxc4 6. Qxc4 Be6 7. Qc2 Nf6 8.
Nf3 Na6 9. a3 Nc5 10. Nbd2 Bd5 11. O-O Be7 12. b4 Nce4 13. Nc4 O-O 14. Bb2 Re8
15. Rad1 Qc8 16. Ne3 a5 17. b5 Bc5 18. Nd4 a4 19. Rc1 Bxd4 20. Bxd4 Qe6 21. Qb2
Rec8 22. bxc6 bxc6 23. Nxd5 cxd5 24. Rxc8+ Rxc8 25. Rd1 Qc6 26. h3 h5 27. Kf1
Qc2 28. Qxc2 Rxc2 29. Bxf6 Nxf6 30. Bxd5 Rc3 31. Ba2 Rxa3 32. Rd8+ Kh7 33. Bxf7
h4 34. Rd4 g5 35. gxh4 gxh4 36. Rxh4+ Kg7 37. Be6 Kg6 38. Kg2 Kg5 39. Rd4 Nh5
40. e3 Ng7 41. Bd7 1-0

[Event "Quebec Int."]
[Site "Montreal CAN"]
[Date "1986.??.??"]
[Round "9"]
[White "Williams, Leo"]
[Black "Spraggett, Kevin"]
[Result "0-1"]
[WhiteElo "2285"]
[BlackElo "2525"]
[PlyCount "51"]
[EventDate "1986.07.31"]
[EventType "tourn"]
[EventRounds "9"]
[EventCountry "CAN"]

1. e4 c5 2. Nf3 e6 3. d4 cxd4 4. Nxd4 Nf6 5. Nc3 d6 6. g4 Be7 7. g5 Nfd7 8. Rg1
Nc6 9. Be3 a6 10. Rg3 O-O 11. Qh5 Re8 12. O-O-O g6 13. Qe2 Bf8 14. h4 Qc7 15.
h5 b5 16. hxg6 fxg6 17. Nxc6 Qxc6 18. Bg2 Bb7 19. Bf4 b4 20. e5 d5 21. Nxd5
exd5 22. Bxd5+ Qxd5 23. Rxd5 Bxd5 24. c4 Be6 25. b3 a5 26. Bd2 0-1

[Event "CAN-ch"]
[Site "Winnipeg CAN"]
[Date "1986.??.??"]
[Round "?"]
[White "Hawkes, Rob"]
[Black "Spraggett, Kevin"]
[Result "0-1"]
[WhiteElo "2315"]
[BlackElo "2525"]
[PlyCount "64"]
[EventDate "1986.07.12"]
[EventType "tourn"]
[EventRounds "15"]
[EventCountry "CAN"]

1. e4 c5 2. Nc3 Nc6 3. g3 g6 4. Bg2 Bg7 5. d3 d6 6. Be3 Nh6 7. Qc1 Ng4 8. Bd2
Nd4 9. h3 Ne5 10. f4 Nec6 11. Nd5 e6 12. Ne3 Ne7 13. c3 Ndc6 14. g4 f5 15. gxf5
exf5 16. Ne2 O-O 17. d4 cxd4 18. cxd4 fxe4 19. d5 Nd4 20. Bc3 Nef5 21. Nxf5
Nxe2 22. Kxe2 Bxf5 23. Bxg7 Kxg7 24. Qc3+ Kg8 25. Qb4 Qh4 26. Qxd6 Qg3 27. Rhg1
Qd3+ 28. Kf2 Rac8 29. Rgc1 Rxc1 30. Rxc1 Qd2+ 31. Kg3 Qxc1 32. Bxe4 Qe1+ 0-1

[Event "CAN-ch"]
[Site "Winnipeg CAN"]
[Date "1986.??.??"]
[Round "?"]
[White "Pajak, John"]
[Black "Spraggett, Kevin"]
[Result "0-1"]
[WhiteElo "2310"]
[BlackElo "2525"]
[PlyCount "76"]
[EventDate "1986.07.12"]
[EventType "tourn"]
[EventRounds "15"]
[EventCountry "CAN"]

1. e4 c5 2. Nf3 e6 3. d4 cxd4 4. Nxd4 Nf6 5. Nc3 d6 6. g4 Be7 7. g5 Nfd7 8. Rg1
Nc6 9. Be3 a6 10. Qh5 g6 11. Qe2 O-O 12. O-O-O Qc7 13. h4 b5 14. h5 Nc5 15. a3
Rb8 16. f3 b4 17. axb4 Rxb4 18. Nxc6 Qxc6 19. Qh2 Qb6 20. f4 Nb3+ 21. cxb3
Qxe3+ 22. Kc2 Bb7 23. Bd3 Rxe4 24. Rdf1 Rb4 25. f5 gxf5 26. g6 Rh4 27. gxf7+
Kxf7 28. Qe2 Qxe2+ 29. Bxe2 Bf6 30. Ra1 Rh2 31. Kd1 Rc8 32. b4 Bxc3 33. bxc3
Rxc3 34. b5 axb5 35. Ra7 Rc7 36. Ke1 Rxe2+ 37. Kxe2 Bf3+ 38. Kxf3 Rxa7 0-1

[Event "CAN-ch"]
[Site "Winnipeg CAN"]
[Date "1986.??.??"]
[Round "?"]
[White "Spraggett, Kevin"]
[Black "Stone, Raymond"]
[Result "0-1"]
[WhiteElo "2525"]
[BlackElo "2305"]
[PlyCount "98"]
[EventDate "1986.07.12"]
[EventType "tourn"]
[EventRounds "15"]
[EventCountry "CAN"]

1. c4 e6 2. Nf3 Nf6 3. Nc3 d5 4. d4 Be7 5. Bg5 O-O 6. e3 h6 7. Bh4 b6 8. Qb3
Bb7 9. Bxf6 Bxf6 10. cxd5 exd5 11. Rd1 Re8 12. Be2 c6 13. O-O Nd7 14. Rc1 Nf8
15. Rfd1 Ne6 16. a3 Re7 17. Qa2 Rd7 18. Bf1 c5 19. g3 cxd4 20. exd4 Re7 21. h4
h5 22. Rc2 Nc7 23. Bh3 Qd6 24. Re2 Rae8 25. Rxe7 Rxe7 26. Qb3 Bc6 27. Qc2 Bd7
28. Bxd7 Qxd7 29. Kg2 g6 30. Na2 Kg7 31. Nb4 Re4 32. Nc6 Ne6 33. Kg1 Nd8 34.
Nce5 Qf5 35. Qb3 Re2 36. Qxd5 Qc2 37. Rf1 Qxb2 38. Ng5 Bxg5 39. hxg5 Ne6 40.
Nc6 Qd2 41. Kg2 h4 42. Nd8 hxg3 43. Nxe6+ Rxe6 44. Kxg3 Qd3+ 45. Kg2 Qxa3 46.
Rd1 Qe7 47. Qb5 Rd6 48. Kf1 Qe4 49. Rd2 Rd5 0-1

[Event "CAN-ch"]
[Site "Winnipeg CAN"]
[Date "1986.??.??"]
[Round "?"]
[White "Yanofsky, Abe"]
[Black "Spraggett, Kevin"]
[Result "0-1"]
[WhiteElo "2390"]
[BlackElo "2525"]
[PlyCount "132"]
[EventDate "1986.07.12"]
[EventType "tourn"]
[EventRounds "15"]
[EventCountry "CAN"]

1. d4 Nf6 2. c4 c5 3. Nf3 cxd4 4. Nxd4 b6 5. Nc3 Bb7 6. Nf3 e6 7. e3 Be7 8. Be2
O-O 9. O-O d6 10. b3 a6 11. Bb2 Nbd7 12. Nd4 Qc7 13. Bf3 Rac8 14. Rc1 Nc5 15.
Bxb7 Qxb7 16. Qe2 Rc7 17. Rfd1 Rfc8 18. Qf3 Qb8 19. Qe2 Bf8 20. h3 h6 21. Nf3
Qb7 22. Kh2 Re8 23. Re1 Nfe4 24. Nxe4 Nxe4 25. Nd4 Rb8 26. Rc2 Rbc8 27. Rec1
Nc5 28. Rd1 Nd7 29. Kg1 Ne5 30. Rcd2 Nd7 31. Qf3 b5 32. Qxb7 Rxb7 33. cxb5 axb5
34. e4 Nf6 35. f3 d5 36. exd5 Nxd5 37. Ra1 b4 38. Ne2 Be7 39. Bd4 Rbc7 40. g3
Rc2 41. Rad1 h5 42. h4 f6 43. Kf2 Kf7 44. f4 g6 45. Kf3 R2c6 46. Rh1 Nc7 47.
Rc1 Rxc1 48. Nxc1 Ne8 49. Ne2 Nd6 50. Bb2 Nf5 51. Ba1 Rc5 52. Bb2 Ra5 53. Bc1
e5 54. Rc2 Ke6 55. fxe5 fxe5 56. Bg5 Bd6 57. g4 hxg4+ 58. Kxg4 Nd4 59. Nxd4+
exd4 60. Bf4 Rf5 61. Bxd6 Kxd6 62. h5 Rxh5 63. Kf3 Rd5 64. Rg2 d3 65. Rxg6+ Kc5
66. Rg1 Kd4 0-1

[Event "Quebec-ch"]
[Site "Montreal CAN"]
[Date "1986.06.16"]
[Round "1"]
[White "Spraggett, Kevin"]
[Black "Kleinplatz, Sam"]
[Result "1-0"]
[WhiteElo "2535"]
[BlackElo "2250"]
[PlyCount "51"]
[EventDate "1986.06.16"]
[EventType "tourn"]
[EventRounds "11"]
[EventCountry "CAN"]

1. c4 e5 2. g3 Nc6 3. Bg2 Nf6 4. Nc3 g6 5. e4 Bg7 6. Nge2 d6 7. O-O Be6 8. d3
Qd7 9. Nd5 O-O 10. f4 Bg4 11. Ne3 Bxe2 12. Qxe2 Nd4 13. Qd1 Ne8 14. f5 g5 15.
b4 f6 16. a4 Rf7 17. Bf3 Bf8 18. Bh5 Rg7 19. Ng4 Be7 20. h4 gxh4 21. Bh6 d5 22.
cxd5 Nd6 23. Bxg7 Kxg7 24. gxh4 c6 25. Ra2 Kh8 26. Rg2 1-0

[Event "Quebec-ch"]
[Site "Montreal CAN"]
[Date "1986.06.19"]
[Round "4"]
[White "Delisle, Claude"]
[Black "Spraggett, Kevin"]
[Result "0-1"]
[WhiteElo "2055"]
[BlackElo "2535"]
[PlyCount "62"]
[EventDate "1986.06.16"]
[EventType "tourn"]
[EventRounds "11"]
[EventCountry "CAN"]

1. e3 g6 2. d4 Bg7 3. Nf3 d6 4. c4 Nf6 5. Nc3 O-O 6. Be2 Nbd7 7. b3 e5 8. Bb2
Re8 9. Qc2 c6 10. O-O Qe7 11. dxe5 dxe5 12. Rfd1 e4 13. Nd4 Nf8 14. a4 a5 15.
Rd2 h5 16. Ba3 Qe5 17. h3 g5 18. Bf1 g4 19. Nde2 gxh3 20. gxh3 Qg5+ 21. Kh1 Qh4
22. Ng1 Ng6 23. Bd6 Bf5 24. Rad1 Ne5 25. Bxe5 Rxe5 26. Nce2 Qxf2 27. Qc3 Rae8
28. Nd4 Qh4 29. Rg2 Bg6 30. Nge2 Ng4 31. Nf4 Nf2+ 0-1